Strategi menjawab Pengajian Am (Kertas 2) STPM

Bibliographic Details
Main Author: Abdul Aziz Ismail
Format: Book
Published: Shah Alam : Penerbit Fajar Bakti Sdn. Bhd. , 2000
Subjects:

MARC

LEADER 00000cam a2200000 7i4500
001 0000040281
005 20001016.0
020 |a 9676550566 
090 0 0 |a 001   |b ABD 
100 0 |a Abdul Aziz Ismail 
245 1 0 |a Strategi menjawab Pengajian Am (Kertas 2) STPM   |c Abdul Aziz Ismail 
260 |a Shah Alam :   |b Penerbit Fajar Bakti Sdn. Bhd. ,   |c 2000 
300 |a 223p. ;   |c 26cm. 
650 0 0 |a Malaysia   |x Study and teaching   |x STPM 
999 |a 087415   |b BUKU   |c RUJUKAN   |e PERPUSTAKAAN KOMUNITI PETALING JAYA 
999 |a 087416   |b BUKU   |c RUJUKAN   |e PERPUSTAKAAN KOMUNITI PETALING JAYA